000 00352pab a2200145 454500
008 180718b1998 xxu||||| |||| 00| 0 eng d
100 _aChaubey, P.K.
245 _aIntroduction of an anomaly in personal income taxation
260 _c1998
300 _ap.13-14
362 _a11 Jul
650 _aIncome tax
773 _aMainstream
909 _a38082
999 _c38082
_d38082